[Event "Novorossiysk Small Land Blitz op"]
[Site "Novorossiysk"]
[Date "2023.07.29"]
[Round "3"]
[White "Polyanskiy, Yaroslav"]
[Black "Stambulian, Arsen"]
[Result "0-1"]
[WhiteElo "1584"]
[BlackElo "2316"]
[PlyCount "88"]
[EventDate "2023.07.29"]
[EventType "swiss (blitz)"]
[EventRounds "13"]
[EventCountry "RUS"]
[SourceTitle "CBM 215 Extra"]
[Source "ChessBase"]
[SourceDate "2023.09.30"]
[SourceVersion "1"]
[SourceVersionDate "2023.09.30"]
[SourceQuality "1"]

1. d4 Nf6 2. Nf3 g6 3. h3 Bg7 4. Bf4 0-0 5. e3 b6 6. Nbd2 Bb7 7. Be2 c5 8. c3 d5 9. 0-0 Nc6 10. Ne5 Nd7 11. Nxc6 Bxc6 12. Nf3 f6 13. c4 e6 14. cxd5 Bxd5 15. Bg3 Qe7 16. Qa4 Rfc8 17. Rac1 Bc6 18. Qb3 Kh8 19. Rfd1 Bd5 20. Bc4 Bxf3 21. gxf3 e5 22. Bd5 Rab8 23. Kg2 Nf8 24. dxe5 fxe5 25. Rc2 b5 26. Rcd2 c4 27. Qc2 Rd8 28. Bc6 a6 29. a4 Rxd2 30. Rxd2 Qc5 31. Be4 Ne6 32. Rd5 Qc7 33. axb5 axb5 34. b3 c3 35. b4 Re8 36. Rxb5 Qc4 37. Rd5 Qxb4 38. Bxe5 Qb2 39. Bxg7+ Nxg7 40. Rd7 Nf5 41. Bxf5 gxf5 42. Qxf5 Rg8+ 43. Kh2 Qxf2+ 44. Kh1 Qg2# 0-1